| 000 | 01052nam a2200181 a 4500 | ||
|---|---|---|---|
| 008 | 100112s1985 ||||||||||||||||| || u | ||
| 050 | _aCTA(02) | ||
| 110 | _aTechnical Centre for Agricultural and Rural Cooperation (CTA) | ||
| 245 | 1 | 0 |
_aFor a better dissemination of scientific and technical information: agricultural and rural development in relation to the ACP states: synopsis of the seminar, held at Montpellier (France) 17-21 december 1984. _cThe Technical Centre for Agricultural and Rural Cooperation (CTA) |
| 246 | _aScientific and technical information concerning agricultural and rural development in the ACP states. | ||
| 260 |
_aParis: _bGERDAT _c1985 |
||
| 300 | _a31p. | ||
| 350 | _a0.00 | ||
| 650 | _aCOMMUNICATION IN AGRICULTURE--DEVELOPING COUNTRIES--CONGRESSES | ||
| 650 | _aAGRICULTURE | ||
| 650 | _aAGRICULTURE--DEVELOPING COUNTRIES--INFORMATION SERVICES--CONGRESSES | ||
| 995 |
_D0.00 _FCBU-MAIN LIBRARY (Kitwe) _H1 _I0.00 _M1 _UAVAILABLE _WJan 12, 2010 _ZInternational Publications |
||
| 999 |
_c43698 _d43698 |
||